[Event "DEM U14 2024"]
[Site "Willingen GER"]
[Date "2024.05.22"]
[Round "5"]
[White "Ollhoff, Hannes"]
[Black "Savchuk, Alexander"]
[Result "1/2-1/2"]
[Termination "normal"]
[Board "23"]
[WhiteElo "1755"]
[BlackElo "1865"]
[WhiteClock "00:11:51"]
[BlackClock "00:10:36"]
[PlyCount "66"]
[WhiteFideId "16266927"]
[BlackFideId "34617434"]
[EventCountry "GER"]
[EventRounds "9"]
[EventType "swiss"]
[EventDate "2024.05.18"]

1. d4 {[%clk 01:30:56]} {[%emt 00:00:04]} Nf6 {[%clk 01:30:50]} {[%emt
00:00:11]} 2. Nf3 {[%clk 01:31:20]} {[%emt 00:00:05]} g6 {[%clk 01:31:13]}
{[%emt 00:00:08]} 3. g3 {[%clk 01:31:27]} {[%emt 00:00:22]} Bg7 {[%clk
01:31:38]} {[%emt 00:00:05]} 4. Bg2 {[%clk 01:31:51]} {[%emt 00:00:06]} O-O
{[%clk 01:31:58]} {[%emt 00:00:11]} 5. O-O {[%clk 01:32:16]} {[%emt 00:00:05]}
d6 {[%clk 01:32:13]} {[%emt 00:00:15]} 6. b3 {[%clk 01:32:32]} {[%emt
00:00:14]} a5 {[%clk 01:32:09]} {[%emt 00:00:34]} 7. c4 {[%clk 01:32:00]}
{[%emt 00:01:02]} Nbd7 {[%clk 01:28:48]} {[%emt 00:03:51]} 8. Bb2 {[%clk
01:30:46]} {[%emt 00:01:43]} c6 {[%clk 01:28:49]} {[%emt 00:00:29]} 9. Re1
{[%clk 01:26:23]} {[%emt 00:04:53]} Re8 {[%clk 01:28:29]} {[%emt 00:00:51]} 10.
e4 {[%clk 01:22:57]} {[%emt 00:03:56]} e5 {[%clk 01:28:38]} {[%emt 00:00:21]}
11. dxe5 {[%clk 01:21:08]} {[%emt 00:02:19]} dxe5 {[%clk 01:29:01]} {[%emt
00:00:07]} 12. Nxe5 {[%clk 01:16:33]} {[%emt 00:05:05]} Nxe4 {[%clk 01:03:56]}
{[%emt 00:25:35]} 13. Nxc6 {[%clk 00:59:26]} {[%emt 00:17:37]} bxc6 {[%clk
00:56:09]} {[%emt 00:08:17]} 14. Bxg7 {[%clk 00:57:17]} {[%emt 00:02:38]} Nxf2
{[%clk 00:54:37]} {[%emt 00:02:02]} 15. Rxe8+ {[%clk 00:49:52]} {[%emt
00:07:55]} Qxe8 {[%clk 00:54:13]} {[%emt 00:00:55]} 16. Kxf2 {[%clk 00:49:19]}
{[%emt 00:01:03]} Kxg7 {[%clk 00:54:20]} {[%emt 00:00:22]} 17. Bxc6 {[%clk
00:45:32]} {[%emt 00:04:17]} Ra6 {[%clk 00:50:16]} {[%emt 00:04:35]} 18. Qd4+
{[%clk 00:44:21]} {[%emt 00:01:40]} Kg8 {[%clk 00:49:07]} {[%emt 00:01:39]} 19.
Bf3 {[%clk 00:35:49]} {[%emt 00:09:02]} Ne5 {[%clk 00:46:14]} {[%emt 00:03:23]}
20. Nd2 {[%clk 00:34:43]} {[%emt 00:01:37]} Re6 {[%clk 00:27:28]} {[%emt
00:19:16]} 21. Kg1 {[%clk 00:23:52]} {[%emt 00:11:20]} Nxf3+ {[%clk 00:26:31]}
{[%emt 00:01:27]} 22. Nxf3 {[%clk 00:24:14]} {[%emt 00:00:08]} Bb7 {[%clk
00:26:20]} {[%emt 00:00:41]} 23. Rf1 {[%clk 00:20:16]} {[%emt 00:04:28]} Re2
{[%clk 00:23:08]} {[%emt 00:03:41]} 24. Rf2 {[%clk 00:16:42]} {[%emt 00:04:05]}
h5 {[%clk 00:16:40]} {[%emt 00:06:59]} 25. Rxe2 {[%clk 00:11:43]} {[%emt
00:05:28]} Qxe2 {[%clk 00:16:59]} {[%emt 00:00:11]} 26. Qd8+ {[%clk 00:12:02]}
{[%emt 00:00:11]} Kh7 {[%clk 00:16:58]} {[%emt 00:00:31]} 27. Ng5+ {[%clk
00:11:57]} {[%emt 00:00:35]} Kh6 {[%clk 00:08:14]} {[%emt 00:09:15]} 28. Nxf7+
{[%clk 00:10:41]} {[%emt 00:01:45]} Kg7 {[%clk 00:08:43]} 29. Qh8+ {[%clk
00:10:40]} {[%emt 00:00:31]} Kxf7 {[%clk 00:09:07]} {[%emt 00:00:07]} 30. Qh7+
{[%clk 00:11:07]} {[%emt 00:00:03]} Kf6 {[%clk 00:09:30]} {[%emt 00:00:08]} 31.
Qxb7 {[%clk 00:11:31]} {[%emt 00:00:05]} Qe1+ {[%clk 00:09:46]} {[%emt
00:00:14]} 32. Kg2 {[%clk 00:11:53]} {[%emt 00:00:08]} Qe2+ {[%clk 00:10:14]}
{[%emt 00:00:03]} 33. Kg1 {[%clk 00:11:51]} {[%emt 00:00:32]} Qe1+ {[%clk
00:10:36]} {[%emt 00:00:08]} 1/2-1/2

[Event "DEM U14 2024"]
[Site "Willingen GER"]
[Date "2024.05.22"]
[Round "5"]
[White "Han, Erdem"]
[Black "Sasse, Conan"]
[Result "0-1"]
[Termination "normal"]
[Board "24"]
[WhiteElo "1654"]
[BlackElo "1779"]
[WhiteClock "00:01:07"]
[BlackClock "00:07:34"]
[PlyCount "77"]
[WhiteFideId "533000646"]
[BlackFideId "34684336"]
[EventCountry "GER"]
[EventRounds "9"]
[EventType "swiss"]
[EventDate "2024.05.18"]

1. d4 {[%clk 01:30:55]} {[%emt 00:00:05]} Nf6 {[%clk 01:30:50]} {[%emt
00:00:10]} 2. c4 {[%clk 01:31:16]} {[%emt 00:00:09]} e6 {[%clk 01:31:12]}
{[%emt 00:00:08]} 3. Nc3 {[%clk 01:31:31]} {[%emt 00:00:14]} Bb4 {[%clk
01:31:35]} {[%emt 00:00:07]} 4. e3 {[%clk 01:31:49]} {[%emt 00:00:13]} d5
{[%clk 01:31:38]} {[%emt 00:00:27]} 5. a3 {[%clk 01:29:42]} {[%emt 00:02:37]}
Be7 {[%clk 01:30:20]} {[%emt 00:01:47]} 6. Nf3 {[%clk 01:28:03]} {[%emt
00:02:08]} O-O {[%clk 01:30:25]} {[%emt 00:00:26]} 7. Qc2 {[%clk 01:23:59]}
{[%emt 00:04:34]} b6 {[%clk 01:28:07]} {[%emt 00:02:49]} 8. cxd5 {[%clk
01:20:50]} {[%emt 00:03:39]} exd5 {[%clk 01:28:29]} {[%emt 00:00:08]} 9. Bd3
{[%clk 01:19:04]} {[%emt 00:02:15]} Bb7 {[%clk 01:26:57]} {[%emt 00:02:02]} 10.
O-O {[%clk 01:18:15]} {[%emt 00:01:19]} Nbd7 {[%clk 01:25:53]} {[%emt
00:01:35]} 11. b3 {[%clk 01:10:36]} {[%emt 00:08:09]} c5 {[%clk 01:22:43]}
{[%emt 00:03:39]} 12. Bb2 {[%clk 01:08:44]} {[%emt 00:02:22]} Rc8 {[%clk
01:19:33]} {[%emt 00:03:40]} 13. Rac1 {[%clk 01:00:10]} {[%emt 00:09:04]} Bd6
{[%clk 01:12:32]} {[%emt 00:07:32]} 14. Rfe1 {[%clk 00:56:23]} {[%emt
00:04:16]} Re8 {[%clk 01:10:21]} {[%emt 00:02:42]} 15. h3 {[%clk 00:51:32]}
{[%emt 00:05:21]} Ne4 {[%clk 00:56:24]} {[%emt 00:14:26]} 16. a4 {[%clk
00:42:53]} {[%emt 00:09:09]} cxd4 {[%clk 00:35:56]} {[%emt 00:20:58]} 17. Nxd4
{[%clk 00:35:52]} {[%emt 00:07:31]} Bb4 {[%clk 00:32:14]} {[%emt 00:04:13]} 18.
Bxe4 {[%clk 00:32:10]} {[%emt 00:04:11]} dxe4 {[%clk 00:32:29]} {[%emt
00:00:15]} 19. Red1 {[%clk 00:30:13]} {[%emt 00:02:27]} a6 {[%clk 00:14:40]}
{[%emt 00:18:20]} 20. Qe2 {[%clk 00:23:40]} {[%emt 00:07:01]} Qg5 {[%emt
00:04:11]} 21. Ne6 {[%clk 00:14:46]} {[%emt 00:07:59]} Rxe6 {[%clk 00:11:03]}
{[%emt 00:01:52]} 22. Rxd7 {[%clk 00:14:57]} {[%emt 00:00:19]} Re7 {[%clk
00:11:29]} {[%emt 00:00:04]} 23. Nxe4 {[%clk 00:07:19]} {[%emt 00:08:08]} Rxc1+
{[%clk 00:07:46]} {[%emt 00:04:14]} 24. Bxc1 {[%clk 00:07:17]} {[%emt
00:00:32]} Qe5 {[%clk 00:08:00]} {[%emt 00:00:16]} 25. Rd8+ {[%clk 00:05:14]}
{[%emt 00:02:28]} Re8 {[%clk 00:08:28]} {[%emt 00:00:06]} 26. Rxe8+ {[%clk
00:05:43]} {[%emt 00:00:02]} Qxe8 {[%clk 00:08:46]} {[%emt 00:00:12]} 27. Ng3
{[%clk 00:04:57]} {[%emt 00:01:16]} Qc6 {[%clk 00:08:51]} {[%emt 00:00:23]} 28.
Qf1 {[%clk 00:04:06]} {[%emt 00:01:21]} Qc2 {[%clk 00:09:10]} {[%emt 00:00:11]}
29. Qc4 {[%clk 00:03:46]} {[%emt 00:00:51]} Qxc4 {[%clk 00:09:34]} {[%emt
00:00:06]} 30. bxc4 {[%clk 00:03:41]} {[%emt 00:00:35]} Bc6 {[%clk 00:09:59]}
{[%emt 00:00:04]} 31. Nf5 {[%clk 00:02:48]} {[%emt 00:01:24]} Bxa4 {[%clk
00:09:51]} {[%emt 00:00:38]} 32. Bb2 {[%clk 00:02:27]} {[%emt 00:00:51]} g6
{[%clk 00:09:44]} {[%emt 00:00:37]} 33. Nd4 {[%clk 00:02:01]} {[%emt 00:00:57]}
Kf8 {[%clk 00:09:54]} {[%emt 00:00:20]} 34. Kf1 {[%clk 00:01:43]} {[%emt
00:00:47]} Ke7 {[%clk 00:09:12]} {[%emt 00:01:12]} 35. Ke2 {[%clk 00:01:48]}
{[%emt 00:00:25]} Bd7 {[%clk 00:08:36]} {[%emt 00:01:06]} 36. Kd3 {[%clk
00:01:17]} {[%emt 00:01:01]} f5 {[%clk 00:07:55]} {[%emt 00:01:10]} 37. e4
{[%clk 00:01:00]} {[%emt 00:00:49]} fxe4+ {[%clk 00:07:34]} {[%emt 00:00:50]}
38. Kxe4 {[%clk 00:01:28]} {[%emt 00:00:02]} Kd6 {[%clk 00:07:34]} {[%emt
00:00:30]} 39. Nc2 {[%clk 00:01:07]} {[%emt 00:00:51]} 0-1

[Event "DEM U14 2024"]
[Site "Willingen GER"]
[Date "2024.05.22"]
[Round "5"]
[White "Keßler, Leo"]
[Black "Kaplan, Arne"]
[Result "1-0"]
[Termination "normal"]
[Board "25"]
[WhiteElo "1640"]
[BlackElo "1756"]
[WhiteClock "00:51:21"]
[BlackClock "01:05:30"]
[PlyCount "49"]
[WhiteFideId "533000638"]
[BlackFideId "34625194"]
[EventCountry "GER"]
[EventRounds "9"]
[EventType "swiss"]
[EventDate "2024.05.18"]

1. e4 {[%clk 01:30:56]} {[%emt 00:00:03]} c6 {[%clk 01:30:54]} {[%emt
00:00:06]} 2. d4 {[%clk 01:31:21]} {[%emt 00:00:05]} d5 {[%clk 01:31:19]}
{[%emt 00:00:04]} 3. f3 {[%clk 01:31:48]} {[%emt 00:00:04]} e6 {[%clk
01:31:43]} {[%emt 00:00:06]} 4. Nc3 {[%clk 01:32:11]} {[%emt 00:00:08]} Bb4
{[%clk 01:32:07]} {[%emt 00:00:06]} 5. Bd2 {[%clk 01:32:35]} {[%emt 00:00:06]}
Ne7 {[%clk 01:31:56]} {[%emt 00:00:40]} 6. Bd3 {[%clk 01:32:40]} {[%emt
00:00:25]} O-O {[%clk 01:29:26]} {[%emt 00:03:00]} 7. Nge2 {[%clk 01:31:10]}
{[%emt 00:02:01]} c5 {[%clk 01:28:28]} {[%emt 00:01:28]} 8. dxc5 {[%clk
01:10:38]} {[%emt 00:21:02]} Bxc5 {[%clk 01:28:00]} {[%emt 00:00:57]} 9. Qc1
{[%clk 01:10:40]} {[%emt 00:00:28]} Nbc6 {[%clk 01:26:39]} {[%emt 00:01:51]}
10. Na4 {[%clk 01:00:01]} {[%emt 00:11:09]} Bd6 {[%clk 01:21:55]} {[%emt
00:05:14]} 11. Bf4 {[%clk 00:58:23]} {[%emt 00:02:08]} Bxf4 {[%clk 01:21:43]}
{[%emt 00:00:42]} 12. Qxf4 {[%clk 00:58:19]} {[%emt 00:00:35]} Qa5+ {[%clk
01:22:04]} {[%emt 00:00:08]} 13. Nac3 {[%clk 00:53:30]} {[%emt 00:05:19]} d4
{[%clk 01:22:14]} {[%emt 00:00:20]} 14. Nxd4 {[%clk 00:50:17]} {[%emt
00:03:43]} Nxd4 {[%clk 01:22:29]} {[%emt 00:00:15]} 15. e5 {[%clk 00:50:25]}
{[%emt 00:00:22]} Ndc6 {[%clk 01:22:37]} {[%emt 00:00:22]} 16. O-O-O {[%clk
00:50:07]} {[%emt 00:00:49]} Nxe5 {[%clk 01:22:24]} {[%emt 00:00:43]} 17. Bxh7+
{[%clk 00:50:19]} {[%emt 00:00:17]} Kxh7 {[%clk 01:22:35]} {[%emt 00:00:19]}
18. Qh4+ {[%clk 00:50:45]} {[%emt 00:00:05]} Kg8 {[%clk 01:22:04]} {[%emt
00:01:00]} 19. Qxe7 {[%clk 00:51:06]} {[%emt 00:00:09]} Ng6 {[%clk 01:17:14]}
{[%emt 00:05:20]} 20. Qd6 {[%clk 00:51:24]} {[%emt 00:00:13]} b5 {[%clk
01:16:55]} {[%emt 00:00:48]} 21. h4 {[%clk 00:51:33]} {[%emt 00:00:21]} b4
{[%clk 01:05:23]} {[%emt 00:12:02]} 22. h5 {[%clk 00:50:36]} {[%emt 00:01:27]}
bxc3 {[%clk 01:05:20]} {[%emt 00:00:33]} 23. hxg6 {[%clk 00:50:57]} {[%emt
00:00:10]} Qg5+ {[%clk 01:05:30]} {[%emt 00:00:19]} 24. Kb1 {[%clk 00:51:10]}
{[%emt 00:00:17]} Qxg6 {[%clk 01:05:30]} {[%emt 00:00:30]} 25. Rh8+ {[%clk
00:51:21]} 1-0

[Event "DEM U14 2024"]
[Site "Willingen GER"]
[Date "2024.05.22"]
[Round "6"]
[White "Korchynskyi, Mykola"]
[Black "Besou, Hussain"]
[Result "1-0"]
[Termination "normal"]
[Board "1"]
[WhiteTitle "FM"]
[BlackTitle "FM"]
[WhiteElo "2313"]
[BlackElo "2260"]
[WhiteClock "00:20:05"]
[BlackClock "00:26:18"]
[PlyCount "47"]
[WhiteFideId "34138005"]
[BlackFideId "16269950"]
[EventCountry "GER"]
[EventRounds "9"]
[EventType "swiss"]
[EventDate "2024.05.18"]

1. d4 {[%clk 01:30:58]} {[%emt 00:00:01]} Nf6 {[%clk 01:30:55]} {[%emt
00:00:05]} 2. c4 {[%clk 01:31:24]} {[%emt 00:00:05]} e6 {[%clk 01:31:20]}
{[%emt 00:00:04]} 3. Nf3 {[%clk 01:31:50]} {[%emt 00:00:04]} d5 {[%clk
01:31:44]} {[%emt 00:00:05]} 4. Nc3 {[%clk 01:32:15]} {[%emt 00:00:06]} Be7
{[%clk 01:31:55]} {[%emt 00:00:19]} 5. Bf4 {[%clk 01:32:35]} {[%emt 00:00:10]}
O-O {[%clk 01:32:09]} {[%emt 00:00:16]} 6. e3 {[%clk 01:33:01]} {[%emt
00:00:04]} b6 {[%clk 01:31:49]} {[%emt 00:00:50]} 7. cxd5 {[%clk 01:33:25]}
{[%emt 00:00:07]} Nxd5 {[%clk 01:31:57]} {[%emt 00:00:21]} 8. Nxd5 {[%clk
01:33:48]} {[%emt 00:00:07]} Qxd5 {[%clk 01:32:09]} {[%emt 00:00:18]} 9. Bd3
{[%clk 01:34:05]} {[%emt 00:00:13]} Ba6 {[%clk 01:16:46]} {[%emt 00:15:54]} 10.
O-O {[%clk 01:31:56]} {[%emt 00:02:38]} Bxd3 {[%clk 01:14:10]} {[%emt
00:03:06]} 11. Qxd3 {[%clk 01:32:05]} {[%emt 00:00:20]} c5 {[%clk 01:14:37]}
{[%emt 00:00:04]} 12. e4 {[%clk 01:29:47]} {[%emt 00:02:49]} Qb7 {[%clk
01:05:35]} {[%emt 00:09:30]} 13. d5 {[%clk 01:27:04]} {[%emt 00:03:14]} exd5
{[%clk 01:05:14]} {[%emt 00:00:51]} 14. exd5 {[%clk 01:26:06]} {[%emt
00:01:29]} Rd8 {[%clk 01:01:32]} {[%emt 00:04:11]} 15. Rad1 {[%clk 01:25:23]}
{[%emt 00:01:13]} Nd7 {[%clk 01:00:23]} {[%emt 00:01:39]} 16. Rfe1 {[%clk
01:19:54]} {[%emt 00:05:58]} Bf6 {[%clk 00:59:23]} {[%emt 00:01:30]} 17. d6
{[%clk 00:57:52]} {[%emt 00:22:33]} Re8 {[%clk 00:43:24]} {[%emt 00:16:29]} 18.
h4 {[%clk 00:34:36]} {[%emt 00:23:46]} h6 {[%clk 00:37:52]} {[%emt 00:06:02]}
19. Qf5 {[%clk 00:29:17]} {[%emt 00:05:48]} Rad8 {[%clk 00:35:46]} {[%emt
00:02:37]} 20. h5 {[%clk 00:22:08]} {[%emt 00:07:39]} Bxb2 {[%clk 00:33:01]}
{[%emt 00:03:15]} 21. Re7 {[%emt 00:06:29]} Rf8 {[%clk 00:25:57]} {[%emt
00:03:04]} 22. Be5 {[%clk 00:20:19]} {[%emt 00:00:50]} Bd4 {[%clk 00:26:07]}
{[%emt 00:00:20]} 23. Nxd4 {[%clk 00:19:43]} {[%emt 00:01:06]} cxd4 {[%clk
00:26:18]} {[%emt 00:00:19]} 24. Bxg7 {[%clk 00:20:05]} {[%emt 00:00:08]} 1-0

[Event "DEM U14 2024"]
[Site "Willingen GER"]
[Date "2024.05.22"]
[Round "6"]
[White "Nemitz, Alfred"]
[Black "Yasmo, Daniil"]
[Result "1-0"]
[Termination "normal"]
[Board "2"]
[WhiteTitle "FM"]
[WhiteElo "2220"]
[BlackElo "2067"]
[WhiteClock "00:26:59"]
[BlackClock "00:23:31"]
[PlyCount "69"]
[WhiteFideId "34601791"]
[BlackFideId "14199165"]
[EventCountry "GER"]
[EventRounds "9"]
[EventType "swiss"]
[EventDate "2024.05.18"]

1. d4 {[%clk 01:30:30]} {[%emt 00:00:29]} d5 {[%clk 01:30:55]} {[%emt
00:00:05]} 2. Nc3 {[%clk 01:30:34]} {[%emt 00:00:26]} Nf6 {[%clk 01:31:18]}
{[%emt 00:00:07]} 3. Bf4 {[%clk 01:26:28]} {[%emt 00:04:36]} c5 {[%clk
01:31:42]} {[%emt 00:00:06]} 4. e4 {[%clk 01:26:56]} {[%emt 00:00:03]} Nxe4
{[%clk 01:32:02]} {[%emt 00:00:09]} 5. Nxe4 {[%clk 01:27:23]} {[%emt 00:00:04]}
dxe4 {[%clk 01:32:28]} {[%emt 00:00:04]} 6. dxc5 {[%clk 01:27:50]} {[%emt
00:00:03]} Qxd1+ {[%clk 01:30:26]} {[%emt 00:02:31]} 7. Rxd1 {[%clk 01:28:09]}
{[%emt 00:00:11]} Nc6 {[%clk 01:30:42]} {[%emt 00:00:14]} 8. Be3 {[%clk
01:28:36]} {[%emt 00:00:03]} e5 {[%clk 01:26:06]} {[%emt 00:05:06]} 9. f3
{[%clk 01:29:02]} {[%emt 00:00:04]} Bf5 {[%clk 01:21:27]} {[%emt 00:05:09]} 10.
c3 {[%clk 01:27:35]} {[%emt 00:01:56]} a5 {[%clk 01:20:14]} {[%emt 00:01:44]}
11. Bb5 {[%clk 01:26:22]} {[%emt 00:01:43]} Be7 {[%clk 01:19:27]} {[%emt
00:01:16]} 12. fxe4 {[%clk 01:25:12]} {[%emt 00:01:38]} Bxe4 {[%clk 01:19:43]}
{[%emt 00:00:17]} 13. Nf3 {[%clk 01:25:38]} {[%emt 00:00:03]} f6 {[%clk
01:12:15]} {[%emt 00:07:58]} 14. O-O {[%clk 01:24:34]} {[%emt 00:01:33]} a4
{[%clk 01:10:31]} {[%emt 00:02:16]} 15. Nd2 {[%clk 01:22:30]} {[%emt 00:02:34]}
Bc2 {[%clk 01:08:56]} {[%emt 00:02:05]} 16. Rc1 {[%clk 01:21:52]} {[%emt
00:01:06]} Bg6 {[%clk 01:08:59]} {[%emt 00:00:29]} 17. Nc4 {[%clk 01:21:29]}
{[%emt 00:00:53]} Bd3 {[%clk 00:59:56]} {[%emt 00:09:33]} 18. Rfd1 {[%clk
01:13:36]} {[%emt 00:08:23]} e4 {[%clk 00:59:44]} {[%emt 00:00:42]} 19. Nb6
{[%clk 01:10:26]} {[%emt 00:03:40]} Ra5 {[%clk 00:59:02]} {[%emt 00:01:12]} 20.
Bxd3 {[%clk 00:51:46]} {[%emt 00:19:10]} exd3 {[%clk 00:59:25]} {[%emt
00:00:08]} 21. Rxd3 {[%clk 00:52:14]} {[%emt 00:00:01]} Rxc5 {[%clk 00:53:29]}
{[%emt 00:06:25]} 22. Rd7 {[%clk 00:49:44]} {[%emt 00:03:00]} Rb5 {[%clk
00:45:33]} {[%emt 00:08:27]} 23. Rxb7 {[%clk 00:48:12]} {[%emt 00:02:00]} Rxb2
{[%clk 00:45:36]} {[%emt 00:00:29]} 24. Rc7 {[%clk 00:47:44]} {[%emt 00:00:58]}
Ne5 {[%clk 00:31:48]} {[%emt 00:14:18]} 25. Rc8+ {[%clk 00:34:52]} {[%emt
00:13:21]} Bd8 {[%clk 00:32:13]} {[%emt 00:00:05]} 26. Rd1 {[%clk 00:35:15]}
{[%emt 00:00:07]} Nf7 {[%clk 00:31:08]} {[%emt 00:01:35]} 27. Bc5 {[%clk
00:34:06]} {[%emt 00:01:39]} Rb5 {[%clk 00:27:53]} {[%emt 00:03:46]} 28. Nxa4
{[%clk 00:32:54]} {[%emt 00:01:42]} Rb7 {[%emt 00:04:35]} 29. Nb6 {[%clk
00:30:05]} {[%emt 00:00:16]} h5 {[%clk 00:24:55]} {[%emt 00:02:25]} 30. Nd5
{[%clk 00:28:07]} {[%emt 00:02:28]} Rd7 {[%clk 00:24:07]} {[%emt 00:01:19]} 31.
Nc7+ {[%clk 00:27:22]} {[%emt 00:01:15]} Rxc7 {[%clk 00:24:14]} {[%emt
00:00:24]} 32. Rdxd8+ {[%clk 00:27:50]} {[%emt 00:00:02]} Nxd8 {[%clk
00:24:34]} {[%emt 00:00:09]} 33. Rxc7 {[%clk 00:28:17]} {[%emt 00:00:03]} Nf7
{[%clk 00:23:05]} {[%emt 00:01:57]} 34. Re7+ {[%clk 00:28:04]} {[%emt
00:00:45]} Kf8 {[%clk 00:23:31]} {[%emt 00:00:04]} 35. a4 {[%clk 00:26:59]}
{[%emt 00:01:35]} 1-0